Score 0/7 Timer 03:00
0 Plays Today
Question Answer Wrong Answers
The United States purchases the Louisiana Territory from this country for $15 million, more than doubling the size of the young nation.
1803
France
88.8%
United Kingdom
2.6%
Netherlands
2%
Spain
6.2%
This American actress, who played Mary Jane Watson in Sam Raimi's ‘Spider-Man’ trilogy, is born.
1982
Kirsten Dunst
78.4%
Scarlett Johansson
8.1%
Jessica Alba
5.5%
Jennifer Lawrence
4.6%
With Soviet soldiers quickly approaching, Adolf Hitler and his wife Eva Braun commit suicide in this German city.
1945
Berlin
69.3%
Hamburg
9.8%
Frankfurt
5.3%
Munich
13.1%
Communist forces gain control of this city. The Vietnam War formally ends with the surrender of South Vietnamese president Dương Văn Minh.
1975
Saigon
66.8%
Bangkok
2.3%
Phnom Penh
7.5%
Hanoi
20.3%
This company, one of the ‘Big Three’ American automobile manufacturers, files Chapter 11 bankruptcy.
2009
Chrysler
42.9%
Ford
8%
General Motors
43.3%
Tesla
2.2%
______ becomes a territory of the United States, with Sanford B. Dole as governor.
1900
Hawaii
40.2%
Oregon
15.4%
Alaska
23.2%
New Mexico
19.6%
On the balcony of Federal Hall in ______, George Washington takes the oath of office to become the first elected President of the United States.
1789
New York
30.6%
Boston
3.9%
Philadelphia
50.8%
Washington, D.C.
14.7%
Remove Ads.
Support Sporcle.
Get the best of Sporcle when you Go Orange. This ad-free experience offers more features, more stats, and more fun while also helping to support Sporcle. Thank you for becoming a member.

You're not logged in!

Compare scores with friends on all Sporcle quizzes.
OR
Log In

Show Comments

Extras

Top Quizzes Today


Score Distribution

Your Account Isn't Verified!

In order to create a playlist on Sporcle, you need to verify the email address you used during registration. Go to your Sporcle Settings to finish the process.

Report this User

Report this user for behavior that violates our Community Guidelines.

Details: